000 01088nam a2200325 a 4500
001 vtls000195729
003 NLI
005 20210602113027.0
008 101125s1973 nyua 001 0 eng
020 _cUSD 14.95
039 9 _y201011252320
_zVLOAD
040 0 _aNLI
_beng
_cDatasoft 1
_eAACR2
041 0 _aeng
044 _anyu
082 0 4 _a321.03
100 1 _aCohen, Benjamin J.
_9347066
245 1 4 _aThe question of imperialism :
_bthe political economy of dominance and dependence /
_cBenjamin J. Cohen
260 _aNew York :
_bBasic Books,
_c1973
300 _a280 p. :
_bill. ;
_c22 cm.
440 4 _aThe Political economy of international relations series
_9345684
500 _aIncludes index
650 0 _aImperialism
_95825
650 0 _aInternational economic relations
_95820
887 _a
901 _a411132
_b31.07.1974
902 _aE 321.03 C 66
942 _2ddc
_cBKS
949 _AVIRTUAITEM
_D10000
_X100
_6PUR000411132ENG
999 _aVIRTUA40
_c200038
_d200038
999 _aVTLSSORT0080*0200*0400*0410*0440*0820*1000*2450*2600*3000*4400*5000*6500*6501*9010*9020*9490*9991